00429nam a2200133Ia 4500008004100000020001800041050002400059082002100083100002900104245008200133260002200215300001600237650004200253121101s9999 xx 000 0 und d a968-6014-13-6 aHF 5681 B2 P4 1991 a657.3 P433a 1991 aPerdomo Moreno, Abraham. aAnálisis e interpretación de estados financieros / Abraham Perdomo Moreno aMéxico : ECAFSA aXVI, 240 p. a1. ESTADOS FINANCIEROS - ANALISIS.Ì